000 00673 a2200229 4500
005 20260413123529.0
008 260413b |||||||| |||| 00| 0 eng d
020 _a978-93-5516-475-9
037 _cTB
040 _aCRL
_cCRL
041 _2eng
_aeng
084 _aV41.P1 R5
_qCRL
100 _aAmitabh Kishore
_91114109
245 _aChina's arms brigade at LAC still Alive
260 _aNew Delhi, India:
_bSumit Enterprises,
_c2025.
300 _a244p.
365 _b1495
_cINR
650 _aChina-History
_9815082
650 _aHistory
942 _cTB
_2CC
_hV41.P1 R5
999 _c1678771
_d1678771